Computación básica para adultos (Registro nro. 7339)

Detalles MARC
000 -CABECERA
Longitud fija campo de control 01221nam a2200289Ia 4500
005 - • FECHA Y HORA DE LA ÚLTIMA TRANSACCIÓN
Fecha y hora de la última transacción 20220317001542.0
008 - • CÓDIGOS DE INFORMACIÓN DE LONGITUD FIJA
Códigos de información de longitud fija 161108s2014 a o g 000 0 s
020 ## - • NÚMERO INTERNACIONAL NORMALIZADO PARA LIBROS
Número Internacional Normalizado para Libros (ISBN) 9789586829304
082 04 - • NÚMERO DE LA CLASIFICACIÓN DECIMAL DEWEY
Número de clasificación (R) 005.3
Número del ítem V24c
040 ## - FUENTE DE LA CATALOGACIÓN
Centro catalogador de origen CO-BoRNBP
Lengua de catalogación spa
Normas de descripción rda
Centro transcriptor CO-BoRNBP
100 1# - • PUNTO DE ACCESO PRINCIPAL-NOMBRE DE PERSONA
Nombre de persona Veloso, Claudio
245 10 - • TITULO PROPIAMENTE DICHO
Título Computación básica para adultos
Mención de responsabilidad, etc. Claudio Veloso
250 ## - • MENCIÓN DE EDICIÓN
Mención de edición 3a. edición
264 ## - PRODUCCIÓN, PUBLICACIÓN , DISTRIBUCIÓN, FABRICACIÓN Y COPYRIGHT
Lugar de producción, publicación, distribución, fabricación Buenos Aires
Nombre del productor, editor, distribuidor, fabricante Alfaomega
Fecha de de producción, publicación, distribución, fabricación o copyright 2014
300 ## - • DESCRIPCIÓN FÍSICA
Extensión 206 páginas
Otras características físicas fotografías en blanco y negro
Dimensiones 24 cm
336 ## - TIPO DE CONTENIDO
Término de tipo de contenido texto
Código de tipo de contenido txt
Fuente rdacontent
337 ## - TIPO DE MEDIO
Nombre del tipo de medio sin mediación
Código del tipo de medio n
Fuente rdamedia
338 ## - TIPO DE SOPORTE
Nombre del tipo de soporte volumen
Código del tipo de soporte nc
Fuente rdacarrier
505 ## - • NOTA DE CONTENIDO CON FORMATO
Nota de contenido con formato Principios de Microsoft windows -- Navegación de la web -- Correo electrónico -- Redes sociales: Facebook -- Chat, mensajería y videoconferencia -- Imágenes digitales -- Procesador de textos -- Planilla de cálculo -- Consejos de seguridad
650 14 - • PUNTO DE ACCESO ADICIONAL DE MATERIA - TÉRMINO DE MATERIA
Fuente del encabezamiento o término LEMB
Término de materia o nombre geográfico como elemento inicial Computadores
Subdivisión de materia general Enseñanza
650 14 - • PUNTO DE ACCESO ADICIONAL DE MATERIA - TÉRMINO DE MATERIA
Fuente del encabezamiento o término LEMB
Término de materia o nombre geográfico como elemento inicial Computadores
Subdivisión de materia general Manuales
650 14 - • PUNTO DE ACCESO ADICIONAL DE MATERIA - TÉRMINO DE MATERIA
Fuente del encabezamiento o término LEMB
Término de materia o nombre geográfico como elemento inicial Programas para computador
Subdivisión de forma Enseñanza
650 14 - • PUNTO DE ACCESO ADICIONAL DE MATERIA - TÉRMINO DE MATERIA
Fuente del encabezamiento o término LEMB
Término de materia o nombre geográfico como elemento inicial Navegadores (Programas De Computador)
650 14 - • PUNTO DE ACCESO ADICIONAL DE MATERIA - TÉRMINO DE MATERIA
Fuente del encabezamiento o término LEMB
Término de materia o nombre geográfico como elemento inicial Programas para computador
Subdivisión de forma Manuales
650 14 - • PUNTO DE ACCESO ADICIONAL DE MATERIA - TÉRMINO DE MATERIA
Fuente del encabezamiento o término LEMB
Término de materia o nombre geográfico como elemento inicial Internet (Red De Computadores)
Subdivisión de forma Manuales
942 ## - ENTRADA DE ELEMENTOS AGREGADOS (KOHA)
Fuente de clasificaión o esquema Dewey Decimal Classification
Koha [por defecto] tipo de item LIbro
Existencias
Perdido Fuente de clasificación o esquema Estado Físico No para préstamo Forma de adquisición Localización permanente Localización actual Localización en estanterías Fecha adquisición Préstamos totales Signatura completa Código de barras Fecha última consulta Número de copia Fecha del precio de reemplazo Tipo de item de Koha
  Dewey Decimal Classification     Colección General Biblioteca Pública Rubí Ocampo Gaviria - La Julia - Uribe Biblioteca Pública Rubí Ocampo Gaviria - La Julia - Uribe General 08/04/2023   005.3 V24c LJU00001 08/04/2023 Ej.1 08/04/2023 LIbro









Instituto Departamental de Cultura del Meta - Red Departamental de Bibliotecas Públicas del Meta.